| 000 | 00423nam a22001817a 4500 | ||
|---|---|---|---|
| 003 | NUST - PNEC | ||
| 005 | 20170116181102.0 | ||
| 008 | 150423b xxu||||| |||| 00| 0 eng d | ||
| 020 | _a- | ||
| 040 | _cLIBRARY | ||
| 082 | _a624.1 COU | ||
| 100 |
_91395 _aCoultas H. W |
||
| 245 |
_aTheory of Structures _cH. W. Coultas |
||
| 250 | _a5th ed. | ||
| 260 | _cc.1963 | ||
| 650 |
_912409 _aStructures _xME |
||
| 942 |
_2ddc _cBK |
||
| 999 |
_c68779 _d68779 |
||